|
|
|
|
| LEADER |
00000nab a2200000 a 4500 |
| 001 |
vtls010739436 |
| 003 |
SK-MaSNL |
| 005 |
20260304185703.0 |
| 008 |
250709s2004 xo |||||||||||||||||slo| |
| 035 |
|
|
|a (urnnbn)urn:nbn:sk:snk:ar-a05pqd
|
| 035 |
|
|
|a (uuid)45d995ca-882e-4074-a484-ba6ef04b36dd
|
| 035 |
|
|
|a urn:nbn:sk:snk-ab405f
|
| 040 |
|
|
|a SNKBUCL
|b slo
|c SNKBUCL
|e AACR2
|
| 041 |
0 |
|
|a cze
|
| 044 |
|
|
|a xo
|c SK
|
| 100 |
1 |
|
|a Hajdúch, Marián
|4 aut
|9 1223513
|
| 245 |
1 |
0 |
|a BIOLOGICKÉ ÚČINKY TRITERPENOIDŮ: PROTINÁDOROVÁ AKTIVITA
|c Marián Hajdúch, Petr Džubák, Jan Šarek
|
| 700 |
1 |
|
|a Džubák, Petr
|4 aut
|9 1469975
|
| 700 |
1 |
|
|a Šarek, Jan
|4 aut
|9 1520219
|
| 773 |
0 |
|
|t Klinická farmakologie a farmacie
|g Roč. 18, č. 1 (2004), s. 14-21
|
| 850 |
|
|
|a Slovenská národná knižnica
|
| 852 |
|
|
|a Slovenská národná knižnica
|
| 954 |
|
|
|a odborná, vedecká literatúra cudzojazyčná (svetová)
|2 lita
|
| 958 |
|
|
|a article1
|
| 958 |
|
|
|a OND
|
| 958 |
|
|
|a EUIPO
|
| 999 |
|
|
|c 3045397
|d 3047327
|